000 00357nam a2200133Ia 4500
008 240624s9999 xx 000 0 und d
041 _aeng
082 _a338.9 PLA
100 _aPLANNING COMMISSION GOVT OF INDIA
245 _aMAHARASHTRA DEVELOPMENT REPORT
260 _c2007
_aNew Delhi
_bAcademic Foundation
300 _a407 : p. : cm. ; 27
365 _cRS
999 _c6216
_d6216